Cartas marruecas
Guardat en:
| Autor principal: | |
|---|---|
| Format: | Llibre |
| Idioma: | espanyol |
| Publicat: |
Madrid
Espasa-Calpe
1935
|
| Col·lecció: | Clásicos Castellanos, 112
|
| Matèries: | |
| Etiquetes: |
Afegir etiqueta
Sense etiquetes, Sigues el primer a etiquetar aquest registre!
|
MARC
| LEADER | 00000nam a2200000 a 4500 | ||
|---|---|---|---|
| 001 | UCQ4733 | ||
| 003 | CL-VaPUC | ||
| 008 | 980910e19350000SP |||||||||||||||||spa|d | ||
| 082 | 0 | 4 | |a 866 |b CAD |2 21 |
| 100 | 0 | |a Cadalso, José de |e author |9 315723 | |
| 245 | 1 | 0 | |a Cartas marruecas |
| 300 | |a 302 p | ||
| 942 | |c BK | ||
| 945 | |d 19980910 00:00:00 |a lriquelm | ||
| 260 | |a Madrid |b Espasa-Calpe |c 1935 | ||
| 650 | 0 | |a Correspondencia |9 258963 | |
| 650 | 0 | |a Cartas |9 321777 | |
| 583 | |a last modification |c 19980910 00:00:00 |k Rodrigo Vera | ||
| 490 | 0 | |a Clásicos Castellanos, 112 | |
| 999 | |c 275036 |d 275034 | ||
| 952 | |0 0 |1 0 |4 0 |6 866_000000000000000_CAD_1935 |7 0 |8 A |9 311556 |a BIBEDU |b BIBEDU |d 2019-11-20 |i 3025586 |o 866 CAD 1935 |p 3025586 |r 2019-11-20 |w 2019-11-20 |y BK |k LIT | ||